| 000 | 00416nam a22001097a 4500 | ||
|---|---|---|---|
| 050 |
_a(The) LC 3965 _b.K5 2024 |
||
| 100 | _aKimanzi Videma | ||
| 245 | _aSchool based factors influencing implementation of special needs education curriculum in special needs units in public primary schools in Kitui west sub-county kenya | ||
| 300 | _a88p. | ||
| 650 |
_beducation _vSpecial needs education curriculum |
||
| 942 |
_2lcc _cTHE |
||
| 999 |
_c18780 _d18780 |
||